Quiz mythologique : Hélios. - Statistiques

Statistiques générales
  • Ce quiz a été pris 22 fois
  • Le résultat moyen est 7 sur 13
Statistiques - réponses
Questions Réponses % Correct
Quel est son équivalent romain ? Sol
100%
De quoi Hélios est-il le dieu ? Soleil
100%
Nommez un de ses attributs ? Char | encens
67%
Il est le frère de ces déesses incarnant la Nuit et l'Aurore Séléné
57%
Ulysse eut d'ailleurs à affronter la colère du dieu après que ses compagnons aient mangé ses ______ . Boeufs
52%
Laquelle de ses filles eut affaire à Ulysse au cours de son Odyssée ? Circé
52%
Dans quelle ville une gigantesque statue d'Hélios se tenait à l'entrée du port ? Rhodes
48%
Éos
43%
Quel végétal lui est rattaché ? Tournesol
43%
Quel animal le symbolise ? Coq | Cheval
29%
Lequel de ses fils voulu accomplir la tâche journalière d'Hélios et fût foudroyé par Zeus pour éviter que toute l'humanité ne soit anéantie ? Phaéton
29%
Père Hypérion
19%
Mère Théia
14%
Aucun quiz correspondant
Distribution des résultats
% des personnes avec chaque résultat
Percentile par nombre de réponses
Votre historique - résultats
Vous n’avez pas pris ce quiz